000 00850nam a22003135i 4500
999 _c4381
_d4381
001 19405843
003 GZU
005 20210316082632.0
008 161213s2017 cau 000 0 eng
010 _a 2016962396
020 _a9781473902541 (pbk.)
040 _aDLC
_beng
_erda
_cDLC
042 _apcc
050 _aP91.3
_b.RUD 2017
100 1 _aRuddock, Andy.
245 1 0 _aExploring media research /
_cAndy Ruddock.
250 _a1st edition.
263 _a1709
264 1 _aThousand Oaks, CA :
_bSAGE Publications,
_c2017.
300 _apages cm
336 _atext
_btxt
_2rdacontent
337 _aunmediated
_bn
_2rdamedia
338 _avolume
_bnc
_2rdacarrier
504 _aIncludes index
650 _2Media
906 _a0
_bibc
_corignew
_d2
_eepcn
_f20
_gy-gencatlg
942 _2lcc
_cBK
_h91.3
_iRUD
_kP